Najpopularniejszy piłkarz z wybranych krajów - Statystyki

Ogólne statystyki
  • Ten quiz został rozwiązany 178 razy
    49 od ostatniego zresetowania
  • Średni wynik to 27 z 68
Statystyki odpowiedzi
Kraj: Odpowiedź: % Poprawnych
Argentyna Lionel Messi
100%
Brazylia Pele / Neymar Jr
100%
Urugwaj Luis Suarez
91%
Portugalia Cristiano Ronaldo
84%
Polska Robert Lewandowski
84%
Francja Kylian Mbappe
77%
Chorwacja Luka Modrić
77%
Egipt Mohamed Salah
73%
Norwegia Erling Haaland
70%
Szwecja Zlatan Ibrahimović
68%
Niemcy Gerd Muller
66%
Wybrzeże Kości Słoniowej Didier Drogba
64%
Kolumbia James Rodriguez
64%
Ukraina Andrij Szewczenko
61%
Chile Arturo Vidal
61%
Walia Gareth Bale
59%
Korea Południowa Hueng-min Son
59%
Belgia Kevin de Bruyne
55%
Kostaryka Keylor Navas
55%
Algieria Riyad Mahrez
55%
Senegal Sadio Mane
55%
Kamerun Samuel Eto'o
55%
Ekwador Enner Valencia
52%
Maroko Achraf Hakimi
50%
Włochy Gianluigi Buffon
50%
Czechy Petr Czech
50%
Hiszpania Andres Iniesta
48%
Bośnia Edin Dżeko
48%
Kanada Alphonso Davies
45%
Gabon Pierre-Emerick Aubameyang
45%
Dania Chrisitan Eriksen
43%
Stany Zjednoczone Christian Pulisić
43%
Słowenia Jan Oblak
43%
Anglia David Beckham
41%
Węgry Ferenc Puskas
41%
Austria David Alaba
39%
Holandia Johan Cruijff
39%
Irlandia Północna George Best
34%
Rosja Lew Jaszyn
34%
Czarnogóra Stefan Savić
34%
Szkocja Andrew Robertson
32%
Bułgaria Chirsto Stoiczkow
32%
Słowacja Marek Hamsik
32%
Iran Mehdi Taremi
32%
Finlandia Jari Litmanen
30%
Katar Akram Afif
27%
Meksyk Guillermo Ochoa
25%
Armenia Henrich Mychitarian
25%
Japonia Shinji Kagawa
23%
Szwajcaria Yann Sommer
20%
Mołdawia Ion Nicolaescu
14%
Rumunia Razvan Rat
14%
Ghana Asamoah Gyan
11%
Arabia Saudyjska Sa’id al-Owairan
9%
Australia Aaron Mooy
7%
Nigeria Ahmed Musa
7%
Albania Elseid Hysaj
7%
Macedonia Północna Goran Pandew
7%
Litwa Fedor Cernych
5%
Peru Raúl Fernández Valverde
5%
Serbia Dusan Tadić
2%
Irlandia James McClean
2%
Paragwaj Jose Luis Chilavert
2%
Grecja Sokratis Papastathopoulos
2%
Republika Zjednoczonej Afryki Benni McCarthy
0%
Turcja Burak Yilmaz
0%
Islandia Gylfi Sigurosson
0%
Nowa Zelandia Marco Rojas
0%
Nie znaleziono quizów pasujących do podanych kryteriów
Rozkład punktacji
Procent ludzi z każdym wynikiem
Percentyl według liczby udzielonych odpowiedzi
Twoja historia wyników
Nie rozwiązałeś tego quizu od ostatniego zresetowania